Pyridín-2,6-dikarboxylátokobaltnaté komplexy s derivátmi melamínu
Na minha lista:
| Autor principal: | |
|---|---|
| Outros Autores: | |
| Formato: | Manuscrito Livro |
| Idioma: | eslovaco |
| Publicado em: |
2016
|
| Assuntos: | |
| Acesso em linha: | http://is.stuba.sk/zp/portal_zp.pl?podrobnosti=92834 |
| Tags: |
Sem tags, seja o primeiro a adicionar uma tag!
|
MARC
| LEADER | 00000ntm a22000003a 4500 | ||
|---|---|---|---|
| 001 | stuzp51788 | ||
| 003 | SK-STU | ||
| 005 | 20160719153951.2 | ||
| 007 | ta | ||
| 008 | 150427s2015----xo-----f-mn---000-0-slo-d | ||
| 040 | |a STU |b slo | ||
| 041 | 0 | |a slo | |
| 100 | 1 | |a Mihalčiak, Jakub |u 042190 |4 aut |U FCHPT Ústav anorganickej chémie, technológie a materiálov |T FCHPT Oddelenie anorganickej chémie |X 42835 |U C2190 |Y 112 |7 A0000042835 | |
| 242 | 0 | 1 | |a Pyridine-2,6-dikarboxylate Cobalt(II) complexes with melamine derivatives |y eng |
| 245 | 1 | 0 | |a Pyridín-2,6-dikarboxylátokobaltnaté komplexy s derivátmi melamínu |
| 260 | |c 2016 | ||
| 650 | 4 | |a štruktúra kobaltnatých komplexov |2 slo | |
| 650 | 4 | |a melamín |2 slo | |
| 650 | 4 | |a kyselina pyridín-2,6-dikarboxylová |2 slo | |
| 650 | 4 | |a komplexy kobaltu |2 slo | |
| 650 | 4 | |a cobalt(II) complexes |2 eng | |
| 650 | 4 | |a melamine |2 eng | |
| 650 | 4 | |a pyridine-2,6-dicarboxylic acid |2 eng | |
| 650 | 4 | |a structure of cobalt(II) complexes. |2 eng | |
| 700 | 1 | |a Segľa, Peter |u 042190 |k Z1 |4 ths |U FCHPT Ústav anorganickej chémie, technológie a materiálov |T FCHPT Oddelenie anorganickej chémie |X 3331 |U C2190 |Y 112 |7 A000003331 | |
| 856 | 4 | |u http://is.stuba.sk/zp/portal_zp.pl?podrobnosti=92834 | |
| SQL | |a stuzp51788 |b DBP |c SLO |d Pyridín-2,6-dikarboxylátokobaltnaté komplexy s derivátmi melamínu |e 42835 |f Mihalčiak, Jakub |g 042190 |h 3331 |i Segľa, Peter |j 20160711 |k 753 |l 04 |m http://is.stuba.sk/zp/portal_zp.pl?podrobnosti=92834 |n B-CHEMAT |o 4.1.14. chémia, 5.2.18. chemické technológie | ||